banner-ar

SURGEY: SCIENTIFIC PRINCIPLES AND PRACTICE / (Record no. 25694)

MARC details
000 -الفاتح
حقل البيانات ثابتة الطول 00517nam a2200193Ia 4500
008 - عناصر البيانات ثابتة الطول - معلومات عامة
حقل البيانات ثابتة الطول 140319s9999 xx 000 0 eng d
040 ## - مصدر الفهرسة
وكالة الفهرسة الأصلية GCL /
وكالة النسخ GCL
082 04 - رقم تصنيف ديوى العشرى
رقم التصنيف 617
رقم المادة G S
100 1# - المدخل الرئيسى - إسم شخصى
الإسم الشخصى OLD HOM, VEITH T
245 10 - بيان العنوان
العنوان SURGEY: SCIENTIFIC PRINCIPLES AND PRACTICE /
بيان المسئوليه,etc OLD HOM, VEITH T
700 1# - المدخل الاضافى - اسم شخصى
الإسم الشخصى CREENFIELD, LAZAR
700 1# - المدخل الاضافى - اسم شخصى
الإسم الشخصى MULHOLL AND, MICHAEL W
260 ## - PUBLICATION, DISTRIBUTION, ETC. (IMPRINT)
تاريخ النشر أو التوزيع 1993
300 ## - الوصف المادى
التعداد 2179
650 04 - المدخل الاضافى بالموضوع-مصطلح موضوعى
مصطلح موضوعي SURGERY
650 04 - المدخل الاضافى بالموضوع-مصطلح موضوعى
مصطلح موضوعي MEDICINE
942 ## - عناصر المدخل الإضافي( كوها)
مصدر التصنيف او مخطط الترفيف Dewey Decimal Classification
Koha [default] item type كتاب
260 ## - PUBLICATION, DISTRIBUTION, ETC. (IMPRINT)
-- [S.N] :
-- J. B LIPPINCOTT COMPANY ،
Holdings
حالة التراجع حالة الفقد حالة تلف ليس للاعارة المكان المؤقت الموقع الحالى تاريخ الاكتساب اجمالي اﻻعارات رقم الطلب الباركود تاريخ اخر مشاهدة تاريخ تفعيل السعر نوع وعاء كوها
        مكتبة القاهرة الكبرى مكتبة القاهرة الكبرى 03/26/2014   617\G S 45192 03/26/2014 03/26/2014 كتاب

Powered By

EGPV